| 000 | 00747nam a2200241 a 4500 | ||
|---|---|---|---|
| 001 | BRCA_3622 | ||
| 005 | 20190320204346.0 | ||
| 008 | 250809s1954----enka---###---#000-0#eng-# | ||
| 041 | _aeng | ||
| 044 | _aenk | ||
| 050 | 4 |
_aND641 _b.S36 1954 |
|
| 100 | 1 |
_aSchmidt-Degener, Henri _99391 |
|
| 245 | 1 | 0 |
_aThe Dutch school _bBased on the original work of H. Schmidt Degener _cedited for English readers by William Gaunt. |
| 260 |
_aLondon _bEnglish Universities Press _c1954 |
||
| 300 |
_a52 p. _bil. _c25 cm. |
||
| 440 | 0 |
_aThe teach yourself history of painting _v6 _99392 |
|
| 500 | _aB294 | ||
| 650 | 1 | 4 |
_aPintura holandesa _99393 |
| 650 | 1 | 4 |
_aPintores holandeses _99394 |
| 700 | 1 |
_aGaunt, William _eed _99395 |
|
| 902 | _aGFM | ||
| 942 |
_2lcc _cB |
||
| 999 |
_c3357 _d3357 |
||